Top 10 countries with the surname Yez - Statistics

General Stats
  • This quiz has been taken 21 times
  • The average score is 8 of 12
Answer Stats
Number Answer % Correct
157 Colombia
85%
3 Bolivia
80%
3 Brazil
80%
5,418 Mexico
80%
256 Peru
80%
130 Spain
80%
24 USA
80%
209 Argentina
75%
2,473 Chile
75%
43 Canada
65%
3 India
45%
201 Venezeula
0%
No matching quizzes found
Score Distribution
Percent of People with Each Score
Percentile by Number Answered
Your Score History
You have not taken this quiz